| 000 | 00877nam a2200217 a 4500 | ||
|---|---|---|---|
| 001 | BRCA_499 | ||
| 005 | 20190320203033.0 | ||
| 008 | 100408s2006----mx-a---###---#000-0#spa-# | ||
| 020 | _a9708020206 | ||
| 050 | 4 |
_aNE1990 _b.S94 2006 |
|
| 245 | 1 | 0 |
_aEl sueño de la razón produce ecos _bGoya, Klinger y Ruelas. |
| 260 |
_aMéxico _bMuseo Nacional de San Carlos _c2006 |
||
| 300 |
_a133 p. _bil. (algunas a color) _c27 cm. |
||
| 500 | _aCatálogo de la exposición realizada en el Museo Nacional de San Carlos (Ciudad de México), 17 mayo - 25 septiembre, 2006 | ||
| 504 | _aBibliografía : p. 130 | ||
| 600 | 1 | 4 |
_aGoya y Lucientes, Francisco José de _d1746-1828 _xGrabado _91716 |
| 600 | 1 | 4 |
_aKlinger, Max _d1857-1920 _xGrabado _91717 |
| 600 | 1 | 4 |
_aRuelas, Julio _d1870-1907 _xGrabado _91718 |
| 650 | 1 | 4 |
_aGrabado _ySiglos XVIII a XX _zEspaña - Alemania - México _91719 |
| 942 |
_2lcc _cB |
||
| 999 |
_c432 _d432 |
||